Diseño y evaluación de sistema de riego de alta presión en el lote No. 080 del Ingenio Victoria de Julio

Presenta el diseño y evaluación de sistema de riego de alta presión en el lote No. 080 del Ingenio Victoria de Julio, mediante el diseño y evaluación del sistema de riego de alta presión, se plantearon varias soluciones ya que la topografía en este lote hace muy difícil la explotación del s...

Full description

Bibliographic Details
Main Author: Villalobos Cruz, Antonia Isabel
Other Authors: Tutor: Loaísiga, Henry Eduardo
Format: Tesis Section = Libro
Language:Undetermined
Spanish
Published: Managua UNI 1998
Subjects:
LEADER 01370nam a2200277Ia 4500
008 240830s9999 xx 000 0 und d
040 |a BIBLIOTECA-RUPAP Mon 631.587 V714 
041 |a spa 
082 |a Mon 631.587 V714 
100 1 |a Villalobos Cruz, Antonia Isabel 
245 1 0 |a Diseño y evaluación de sistema de riego de alta presión en el lote No. 080 del Ingenio Victoria de Julio 
260 |a Managua  |b UNI  |c 1998 
300 |a 106 p. :il. 
500 |a Contiene: anexos. 
502 |a Tesis (Ingeniero Agrícola)- UNI, 1998. 
520 3 |a Presenta el diseño y evaluación de sistema de riego de alta presión en el lote No. 080 del Ingenio Victoria de Julio, mediante el diseño y evaluación del sistema de riego de alta presión, se plantearon varias soluciones ya que la topografía en este lote hace muy difícil la explotación del sistema de riego de pivote central, se optó por el sistema de riego de alta presión (cañón), ya que permite gran maniobrabilidad en su implementación venciendo así los impedimentos topográficos. 
650 7 |a RIEGO 
650 7 |b SISTEMA DE RIEGO 
650 7 |c RIEGO POR ASPERSION 
650 7 |d AGRICULTUTA - NICARAGUA 
650 7 |e INGENIERIA HIDRAULICA 
650 7 |f ABASTECIMIENTO DE AGUA 
700 1 |a Tutor:  |b Loaísiga, Henry Eduardo 
942 |c BK  |2 ddc 
991 |a TESIS 
999 |c 16710